Statistiques concernant Les plus gros partenaires commerciaux - Canada

Cliquez ici pour prendre le quiz!

Statistiques générales

  • Ce quiz a été pris 110 fois
  • Le résultat moyen est 16 sur 20

Statistiques - réponses

exportationsimportationspays% Correct
314 bil223 bilEtats-Unis
99%
2.45 bil5.33 bilFrance
98%
5.16 bil24.4 bilMexique
98%
1.76 bil2.93 bilBrésil
97%
15.8 bil51.4 bilChine
97%
12.5 bil7.20 bilRoyaume-Uni
96%
1.78 bil5.77 bilItalie
95%
7.64 bil11.6 bilJapon
95%
2.71 bil13.6 bilAllemagne
91%
1.48 bilAustralie
88%
3.38 bil3.08 bilInde
85%
3.15 bil6.16 bilCorée du Sud
83%
2.45 bilBelgique
77%
2.78 bil2.69 bilPays-Bas
75%
3.54 bilSuisse
71%
1.46 bilNorvège
61%
4.27 bilTaïwan
55%
3.20 bilViêt Nam
46%
1.58 bilÉmirats arabes unis
45%
2.55 bilPérou
39%

Distribution des résultats

Percentile par nombre de réponses

% des personnes avec chaque résultat

Votre développement - résultats

Vous n’avez pas pris ce quiz